000 00337nam a22001457a 4500
008 210304b ||||| |||| 00| 0 eng d
020 _a3805547196
041 _aeng
080 _22nd
_a311
082 _a311
100 _a55
101 _aSTA
245 _aUsing and Understanding Medical Statistics
_cMatthews, D.E
942 _2udc
_cBK
999 _c55765
_d55765